Probability & statistics for engineers & scientists / (Record no. 17563)

MARC details
000 -LEADER
fixed length control field 01223cam a2200349 i 4500
001 - CONTROL NUMBER
control field 015747326
003 - CONTROL NUMBER IDENTIFIER
control field EG-ScBUE
005 - DATE AND TIME OF LATEST TRANSACTION
control field 20241027095408.0
008 - FIXED-LENGTH DATA ELEMENTS--GENERAL INFORMATION
fixed length control field 110117s2012 maua f b 001 0 eng d
020 ## - INTERNATIONAL STANDARD BOOK NUMBER
International Standard Book Number 9780321748232 (pbk.)
020 ## - INTERNATIONAL STANDARD BOOK NUMBER
International Standard Book Number 0321748239 (pbk.)
040 ## - CATALOGING SOURCE
Original cataloging agency EG-ScBUE
Language of cataloging eng
Description conventions rda
Transcribing agency EG-ScBUE
Modifying agency EG-ScBUE
082 04 - DEWEY DECIMAL CLASSIFICATION NUMBER
Classification number 519.02462
Item number PRO
Edition number 22
245 00 - TITLE STATEMENT
Title Probability & statistics for engineers & scientists /
Statement of responsibility, etc Ronald E. Walpole, Roanoke College, [and three others]
246 3# - VARYING FORM OF TITLE
Title proper/short title Probability and statistics for engineers and scientists
250 ## - EDITION STATEMENT
Edition statement Ninth edition.
250 ## - EDITION STATEMENT
Edition statement International edition.
264 #1 - PUBLICATION, DISTRIBUTION, ETC. (IMPRINT)
Place of publication, distribution, etc Boston, Massachusetts :
Name of publisher, distributor, etc Pearson Education Inc.,
Date of publication, distribution, etc 2012.
300 ## - PHYSICAL DESCRIPTION
Extent xx, 791 pages :
Other physical details illustrations ;
Dimensions 23 cm
336 ## - CONTENT TYPE
Source rdacontent
Content type term text
Content type code txt
337 ## - MEDIA TYPE
Media type term unmediated
Source rdamedia
Media type code n
338 ## - CARRIER TYPE
Carrier type term volume
Carrier type code nc
Source rdacarrier
500 ## - GENERAL NOTE
General note Includes appendix.
504 ## - BIBLIOGRAPHY, ETC. NOTE
Bibliography, etc Includes bibliographical references and index.<br/>
650 #7 - SUBJECT ADDED ENTRY--TOPICAL TERM
Topical term or geographic name as entry element Probabilities
9 (RLIN) 3494
Source of heading or term BUEsh
650 #7 - SUBJECT ADDED ENTRY--TOPICAL TERM
Topical term or geographic name as entry element Engineering
General subdivision Statistical methods
9 (RLIN) 27510
Source of heading or term BUEsh
651 ## - SUBJECT ADDED ENTRY--GEOGRAPHIC NAME
Source of heading or term BUEsh
653 ## - INDEX TERM--UNCONTROLLED
Resource For college Informatics and Computer Science
Arrived date list August2015
655 ## - INDEX TERM--GENRE/FORM
Form subdivision Reading book
700 1# - ADDED ENTRY--PERSONAL NAME
Personal name Walpole, Ronald E.,
9 (RLIN) 9767
Relator term author.
942 ## - ADDED ENTRY ELEMENTS (KOHA)
Source of classification or shelving scheme Dewey Decimal Classification
Koha item type Book - Borrowing
Holdings
Withdrawn status Lost status Source of classification or shelving scheme Damaged status Not for loan Collection code Home library Current library Shelving location Date acquired Source of acquisition Total Checkouts Total Renewals Full call number Barcode Date last seen Date checked out Koha item type Cost, normal purchase price Cost, replacement price
    Dewey Decimal Classification     Baccah Central Library Central Library First floor 29/09/2013 Purchase 3 15 519.02462 PRO 000029039 15/07/2025 30/11/2020 Book - Borrowing    
    Dewey Decimal Classification     Baccah Central Library Central Library First floor 29/09/2013 Purchase 3 39 519.02462 PRO 000029040 15/07/2025 20/10/2020 Book - Borrowing    
    Dewey Decimal Classification     Baccah Central Library Central Library First floor 29/09/2013 Purchase 3 18 519.02462 PRO 000029041 15/07/2025 05/10/2022 Book - Borrowing    
    Dewey Decimal Classification     Baccah Central Library Central Library First floor 30/09/2014 Purchase     519.02462 PRO 000036438 15/07/2025   NB - Book (Non borrowing) 260.00 325.00
    Dewey Decimal Classification     Baccah Central Library Central Library First floor 30/09/2014 Purchase 2 10 519.02462 PRO 000036439 15/07/2025 08/08/2018 Book - Borrowing 260.00 325.00
    Dewey Decimal Classification     Baccah Central Library Central Library First floor 30/09/2014 Purchase 3 10 519.02462 PRO 000036440 15/07/2025 23/10/2023 Book - Borrowing 260.00 325.00
    Dewey Decimal Classification     Baccah Central Library Central Library First floor 30/09/2014 Purchase 4 31 519.02462 PRO 000036441 15/07/2025 17/11/2020 Book - Borrowing 260.00 325.00
    Dewey Decimal Classification     Baccah Central Library Central Library First floor 30/09/2014 Purchase 2 15 519.02462 PRO 000036442 15/07/2025 18/10/2017 Book - Borrowing 260.00 325.00
    Dewey Decimal Classification     Baccah Central Library Central Library First floor 30/09/2014 Purchase 2   519.02462 PRO 000036443 15/07/2025 18/10/2017 Book - Borrowing 260.00 325.00
    Dewey Decimal Classification     Baccah Central Library Central Library First floor 30/09/2014 Purchase 4 45 519.02462 PRO 000036444 15/07/2025 01/12/2024 Book - Borrowing